000 nam a22 a 4500
999 _c395781
_d395781
003 BLK
005 20210126110226.0
008 180408b bul|||||r ||||||| ||bul||
010 _aKNG00062231000
040 _aBLK
041 _aRUS
_cRUS
080 _aИстория на Русия и СССР. Вж и 936 ; 957
_b94(470)
_z94(470)
139 _9Октябрьское вооруженное восстание в Петрограде
245 1 0 _aОктябрьское вооруженное восстание в Петрограде
_cпод ред. Г. Н. Голикова (отв. ред.) [и др.]
257 _aRUS
260 _bИзд-во Акад. наук СССР
_c1957
_9438204
_aМосква
300 _c26 см
_a1042 с.
380 _a9
490 _9439429
_aВеликая Октябрьская социалистическая революция. Документы и материалы
500 _aНа гърба на загл. с. сост.: И. А. Булыгин, М. А. Комарова, Л. А. Седова и др.
504 _aБиблиогр.: с. 971-976
650 7 _9150475
_aВеликата октомврийска социалистическа революция
653 7 _9185390
_aдокументи
700 _91412
_a Булыгин, Илья Андреевич
_eсостав.
700 _91311
_aГоликов, Георгий Назарович
_eред.
852 _aЦб II 1489
_bЦб
942 _cKNG
_n0
_s1
944 _aCR
_c2021-01-26
_kРенета Константинова
999 _d395778